Building DIY websites / (Record no. 396513)
[ view plain ]
| 000 -LEADER | |
|---|---|
| fixed length control field | 01731nam a2200457 i 4500 |
| 001 - CONTROL NUMBER | |
| control field | 3435433 |
| 005 - DATE AND TIME OF LATEST TRANSACTION | |
| control field | 20240509182628.0 |
| 008 - FIXED-LENGTH DATA ELEMENTS--GENERAL INFORMATION | |
| fixed length control field | 240326s2024 njua 001 0 eng d |
| 010 ## - LIBRARY OF CONGRESS CONTROL NUMBER | |
| LC control number | 2024932051 |
| 020 ## - INTERNATIONAL STANDARD BOOK NUMBER | |
| International Standard Book Number | 9781394232987 : |
| Terms of availability | $29.99 |
| 020 ## - INTERNATIONAL STANDARD BOOK NUMBER | |
| International Standard Book Number | 1394232985 : |
| Terms of availability | $29.99 |
| 035 ## - SYSTEM CONTROL NUMBER | |
| System control number | (OCoLC)1398568161 |
| 035 ## - SYSTEM CONTROL NUMBER | |
| System control number | (OCoLC)on1398568161 |
| 040 ## - CATALOGING SOURCE | |
| Original cataloging agency | PABRO |
| Language of cataloging | eng |
| Description conventions | rda |
| Transcribing agency | PABRO |
| 050 #4 - LIBRARY OF CONGRESS CALL NUMBER | |
| Classification number | TK5105.888 |
| Item number | .D47 2024 |
| 082 04 - DEWEY DECIMAL CLASSIFICATION NUMBER | |
| Classification number | 006.7 |
| Edition number | 23 |
| 092 ## - LOCALLY ASSIGNED DEWEY CALL NUMBER (OCLC) | |
| Classification number | general nonfiction |
| Item number | 006.7 DeR |
| 100 1# - MAIN ENTRY--PERSONAL NAME | |
| Personal name | DeRosa, Jennifer, |
| Relator term | author. |
| 9 (RLIN) | 6487515 |
| 245 10 - TITLE STATEMENT | |
| Title | Building DIY websites / |
| Statement of responsibility, etc | by Jennifer DeRosa. |
| 246 3# - VARYING FORM OF TITLE | |
| Title proper/short title | Building do-it-yourself websites |
| 246 18 - VARYING FORM OF TITLE | |
| Title proper/short title | Building DIY websites for dummies |
| 264 #1 - Production, Publication, Distribution, Manufacture, and Copyright Notice. | |
| Place of production, publication, distribution, manufacture | Hoboken, NJ : |
| Name of producer, publisher, distributor, manufacturer | For Dummies, a Wiley Brand, |
| Date of production, publication, distribution, manufacture, or copyr | [2024] |
| 300 ## - PHYSICAL DESCRIPTION | |
| Extent | xiii, 368 pages : |
| Other physical details | illustrations ; |
| Dimensions | 24 cm. |
| 336 ## - Content Type | |
| Content type term | text |
| 337 ## - Media type | |
| Media type term | unmediated |
| 338 ## - Carrier type | |
| Carrier type term | volume |
| 490 1# - SERIES STATEMENT | |
| Series statement | For dummies |
| 490 0# - SERIES STATEMENT | |
| Series statement | Learning made easy |
| 500 ## - GENERAL NOTE | |
| General note | Includes index. |
| 650 #0 - SUBJECT ADDED ENTRY--TOPICAL TERM | |
| Topical term or geographic name as entry element | Web sites |
| General subdivision | Design. |
| 9 (RLIN) | 98717 |
| 650 #0 - SUBJECT ADDED ENTRY--TOPICAL TERM | |
| Topical term or geographic name as entry element | Web site development. |
| 650 #7 - SUBJECT ADDED ENTRY--TOPICAL TERM | |
| Topical term or geographic name as entry element | COMPUTERS / Design, Graphics & Media / Graphics Tools. |
| Source of heading or term | bisacsh |
| 9 (RLIN) | 6487516 |
| 650 #7 - SUBJECT ADDED ENTRY--TOPICAL TERM | |
| Topical term or geographic name as entry element | COMPUTERS / Internet / Web Design. |
| Source of heading or term | bisacsh |
| 9 (RLIN) | 6487517 |
| 650 #7 - SUBJECT ADDED ENTRY--TOPICAL TERM | |
| Topical term or geographic name as entry element | COMPUTERS / Internet / Web Programming. |
| Source of heading or term | bisacsh |
| 9 (RLIN) | 6472335 |
| 830 #0 - SERIES ADDED ENTRY--UNIFORM TITLE | |
| Uniform title | --For dummies. |
| 9 (RLIN) | 38832 |
| 942 ## - ADDED ENTRY ELEMENTS (KOHA) | |
| Source of classification or shelving scheme | Dewey Decimal Classification |
| Koha item type | BOOK |
| Withdrawn status | Lost status | Source of classification or shelving scheme | Damaged status | Not for loan | Collection code | Home library | Current library | Shelving location | Date acquired | Source of acquisition | Total Checkouts | Total Renewals | Full call number | Barcode | Date last seen | Date checked out | Cost, replacement price | Price effective from | Koha item type |
|---|---|---|---|---|---|---|---|---|---|---|---|---|---|---|---|---|---|---|---|
| Dewey Decimal Classification | General NonFiction | Wasatch County Library | Wasatch County Library | Second Floor | 05/09/2024 | Micromarketing | 6 | 4 | 006.7 DeRosa | 34301002083550 | 02/19/2026 | 01/07/2026 | 29.99 | 05/09/2024 | BOOK |
